| 000 | 00728nam a2200205 i 4500 | ||
|---|---|---|---|
| 001 | 19832 | ||
| 003 | ES-MaACL | ||
| 005 | 20230906152156.0 | ||
| 007 | t| | ||
| 008 | 021018s1915 sp ||||1| spa d | ||
| 100 | 1 |
_aÁlvarez Quintero, Serafín, _d1871-1938 _9226443 |
|
| 245 | 1 | 0 |
_aIsidrín o las cuarenta y nueve provincias _b: sainete / _cSerafín y Joaquín Alvarez Quintero ; con música de Gerónimo Giménez. |
| 260 |
_aMadrid : _b[s.n.], _c1915 ( _fR. Velasco) |
||
| 300 |
_a31 p. ; _c19 cm. |
||
| 500 | _aSolo la letra. | ||
| 700 | 1 |
_aÁlvarez Quintero, Joaquín, _d1873-1944 _920922 |
|
| 700 | 1 |
_aGiménez, Jerónimo. _957024 |
|
| 852 |
_aES-MaACL _jF-8660 _q. - Encuadernado con otras obras |
||
| 999 |
_c19832 _d19832 |
||